000 00286nam a2200121Ia 4500
005 20251222154337.0
008 251222s9999||||xx |||||||||||||| ||spa||
020 _a84-2531040-7
082 _aREF.030/G81/T.5
245 0 _aEnciclopedia general básica
250 _a2a.ed.
942 _cLIB
999 _c34386
_d34386